Name in the Middle #3 - Statistics

General Stats
  • This quiz has been taken 180 times
  • The average score is 10 of 14
Answer Stats
First Name Middle name Surname % Correct
Alexander Graham Bell
95%
Billy Ray Cyrus
90%
Billy Bob Thornton
89%
Lisa Marie Presley
85%
Neil Patrick Harris
84%
David Lee Roth
79%
Louisa May Alcott
79%
Anna Nicole Smith
77%
John Wilkes Booth
74%
James Earl Ray
69%
John Quincy Adams
66%
Joseph Gordon Levitt
62%
Edgar Rice Burroughs
46%
John Paul Jones
43%
No matching quizzes found
Score Distribution
Percent of People with Each Score
Percentile by Number Answered
Your Score History
You have not taken this quiz